[Event "Galicia-ch 2021"]
[Site "Padron"]
[Date "2021.04.03"]
[Round "6.6"]
[White "Suarez Gomez, Julio"]
[Black "Sixto Puente, Eloy"]
[Result "1-0"]
[WhiteElo "2461"]
[BlackElo "2039"]
[Annotator "ChessBase"]
[PlyCount "107"]
[EventDate "2021.04.02"]
[EventType "swiss"]
[EventCountry "ESP"]
[SourceTitle "playchess.com"]
[Source "ChessBase"]
[SourceQuality "1"]
[TimeControl "5400+30"]

1. d4 {[%emt 0:00:09]} d5 {[%emt 0:00:28]} 2. c4 {[%emt 0:01:01]} c6 {[%emt 0:00:28]} 3. cxd5 {[%emt 0:03:04]} cxd5 {[%emt 0:00:29]} 4. Nc3 {[%emt 0:00:04]} Nf6 {[%emt 0:00:39]} 5. Bf4 {[%emt 0:00:09]} Nc6 {[%emt 0:00:23]} 6. e3 {[%emt 0:00:07]} a6 {[%emt 0:00:49]} 7. Bd3 {[%emt 0:00:39]} Bg4 {[%emt 0:02:43]} 8. f3 {[%emt 0:06:20]} Bh5 {[%emt 0:01:56]} 9. Qb3 {[%emt 0:08:44]} Na5 {[%emt 0:00:33]} 10. Qa4+ {[%emt 0:00:15]} Nc6 {[%emt 0:01:25]} 11. Rc1 {[%emt 0:03:32]} e6 {[%emt 0:02:47]} 12. Nge2 {[%emt 0:03:57]} Bd6 {[%emt 0:04:05]} 13. Bxd6 {[%emt 0:08:51]} Qxd6 {[%emt 0:00:16]} 14. Bb5 {[%emt 0:10:22]} O-O {[%emt 0:04:53]} 15. Bxc6 {[%emt 0:01:09]} bxc6 {[%emt 0:00:22]} 16. Kf2 {[%emt 0:00:56]} Rfb8 {[%emt 0:09:45]} 17. Qc2 {[%emt 0:06:23]} c5 {[%emt 0:03:14]} 18. b3 {[%emt 0:03:02]} cxd4 {[%emt 0:04:41]} 19. exd4 {[%emt 0:00:07]} Bg6 {[%emt 0:04:55]} 20. Qd2 {[%emt 0:00:07]} h6 {[%emt 0:01:48]} 21. Qf4 {[%emt 0:04:19]} Qa3 {[%emt 0:02:29]} 22. Qd2 {[%emt 0:02:50]} Qd6 {[%emt 0:01:20]} 23. Na4 {[%emt 0:00:08]} Rc8 {[%emt 0:05:13]} 24. h3 {[%emt 0:02:53]} Nd7 {[%emt 0:02:55]} 25. Rhd1 {[%emt 0:02:57]} Rab8 {[%emt 0:09:04]} 26. Kg1 {[%emt 0:03:06]} Qa3 {[%emt 0:01:34]} 27. Kh1 {[%emt 0:04:10]} Bf5 {[%emt 0:03:51]} 28. Kh2 {[%emt 0:09:05]} Bg6 {[%emt 0:01:26]} 29. Kg1 {[%emt 0:00:57]} Bf5 {[%emt 0:00:20]} 30. Kf2 {[%emt 0:00:12]} Bg6 {[%emt 0:00:17]} 31. Rxc8+ {[%emt 0:03:07]} Rxc8 {[%emt 0:00:08]} 32. Rc1 {[%emt 0:00:09]} Rxc1 {[%emt 0:00:32]} 33. Nxc1 {[%emt 0:00:04]} Qd6 {[%emt 0:03:01]} 34. Ne2 {[%emt 0:01:24]} Bf5 {[%emt 0:01:09]} 35. Qc3 {[%emt 0:00:33]} Nf6 {[%emt 0:03:50]} 36. Nc5 {[%emt 0:01:53]} Qh2 {[%emt 0:02:28]} 37. Kf1 {[%emt 0:01:24]} Nh5 {[%emt 0:05:05]} 38. Qe3 {[%emt 0:01:37]} Bb1 {[%emt 0:02:20]} 39. a3 {[%emt 0:01:27]} Qd6 {[%emt 0:02:45]} 40. Kf2 {[%emt 0:00:38]} Nf6 {[%emt 0:00:34]} 41. b4 {[%emt 0:01:27]} Ba2 {[%emt 0:01:01]} 42. Qe5 {[%emt 0:01:19]} Qb6 {[%emt 0:00:38]} 43. Qe3 {[%emt 0:01:18]} Bc4 {[%emt 0:00:34]} 44. Qd2 {[%emt 0:00:18]} Qd6 {[%emt 0:00:58]} 45. Qe3 {[%emt 0:00:30]} Qb6 {[%emt 0:00:23]} 46. Qc3 {[%emt 0:01:51]} Qd6 {[%emt 0:00:35]} 47. Ng3 {[%emt 0:00:28]} h5 {[%emt 0:02:35]} 48. Nf1 {[%emt 0:00:45]} Bxf1 {[%emt 0:01:49]} 49. Kxf1 {[%emt 0:00:04]} h4 {[%emt 0:00:31]} 50. Nd3 {[%emt 0:00:48]} Qd7 {[%emt 0:03:44]} 51. Nc5 {[%emt 0:01:17]} Qd6 {[%emt 0:00:05]} 52. Nd3 {[%emt 0:00:05]} Qd7 {[%emt 0:00:06]} 53. Nc5 {[%emt 0:02:27]} Qd6 {[%emt 0:00:04]} 54. Nd3 {[%emt 0:00:50]} 1-0

[Event "Galicia-ch 2021"]
[Site "Padron"]
[Date "2021.04.04"]
[Round "7.1"]
[White "Espineira Gonzalez, Diego"]
[Black "Larino Nieto, David"]
[Result "1/2-1/2"]
[WhiteElo "2338"]
[BlackElo "2461"]
[Annotator "TA"]
[PlyCount "41"]
[EventDate "2021.04.02"]
[EventType "swiss"]
[EventCountry "ESP"]
[SourceTitle "playchess.com"]
[Source "ChessBase"]
[SourceQuality "1"]

{[%evp 18,32,0,0,0,0,0,0,0,-2,0,0,0,0,0,0,0]} 1. e4 e6 2. d4 d5 3. exd5 exd5 4. Bd3 Bd6 5. Ne2 Ne7 6. Bf4 Bf5 7. O-O O-O 8. c3 c6 9. Qc2 Bxd3 10. Qxd3 {The position is equal.} Ng6 {C01: French: Exchange Variation.} 11. Bxd6 Qxd6 12. Nd2 Nd7 13. Rfe1 Rfe8 14. Nf3 Nf6 15. Ng3 Rxe1+ 16. Rxe1 Re8 {[#] An uneventful encounter.  Weighted Error Value: White=0.00/Black=0.00} {Predecessor:} 17. Rxe8+ $146 Nxe8 18. Qe3 Qd7 19. h3 f6 20. Nh2 Nd6 21. b3 {½-½ (21) Fuchs,S (1627)-Birkenheuer,S (1500) Sebnitz 2013} 1/2-1/2

[Event "Galicia-ch 2021"]
[Site "Padron"]
[Date "2021.04.04"]
[Round "7.2"]
[White "Del Prado Rodriguez, Xulio"]
[Black "Sanchez Aller, Fernando"]
[Result "1-0"]
[WhiteElo "2132"]
[BlackElo "2337"]
[Annotator "TA"]
[PlyCount "113"]
[EventDate "2021.04.02"]
[EventType "swiss"]
[EventCountry "ESP"]
[SourceTitle "playchess.com"]
[Source "ChessBase"]
[SourceQuality "1"]

{[%evp 24,113,91,52,108,102,108,102,110,102,106,90,109,108,104,98,112,98,109,104,101,111,121,95,95,74,94,94,97,72,73,73,73,73,66,66,66,66,66,68,102,102,156,0,76,63,63,63,63,46,64,64,66,64,64,64,64,50,69,69,70,63,77,77,70,65,72,55,93,93,93,91,90,73,36,13,29974,29974,29972,29976,29979,29978,29978,29979,29979,29980,29980,29980,29978,29979,29978,29979]} 1. d4 Nf6 2. c4 c5 3. d5 b5 4. cxb5 a6 5. bxa6 g6 6. Nc3 Bxa6 7. e4 Bxf1 8. Kxf1 d6 9. g3 Bg7 10. Nf3 O-O 11. Kg2 Nbd7 12. a4 Qb6 13. Qc2 $1 {[%mdl 4] is recently more successful than 13.Qe2.} Rfb8 {A59: Benko/Volga Gambit: White castles by hand.} ({Black should play} 13... e6 $14) 14. Nb5 $16 Ne8 15. Bd2 Nc7 {White is better.} 16. Nxc7 Qxc7 17. Rhb1 Qb7 18. Ra3 Qa6 19. b3 Rb6 {[#]} 20. Re1 $146 (20. a5 {is more complex.} Rbb8 21. h3 Qe2 22. Ra4 Qa6 23. Bg5) ({Predecessor:} 20. a5 Rb7 21. b4 Rb5 22. bxc5 Nxc5 23. Rxb5 Qxb5 24. Be1 Bb2 25. Ra2 Bf6 26. Ra3 {½-½ (54) Lindborg,P (2227)-Bellon Lopez,J (2374) Vasteras 2015}) 20... Rab8 21. Bc3 Bxc3 22. Qxc3 f6 23. Nd2 Rb4 24. Nc4 Ne5 25. Nxe5 fxe5 26. Qf3 c4 27. bxc4 {Threatens to win with Qg4.} Rxa4 28. Rxa4 Qxa4 {[%mdl 4096] Endgame KQR-KQR} 29. Rc1 Rc8 30. Qe2 Qa3 31. Rc2 Qb3 32. h4 h5 {[#]} (32... Qb1 $142) 33. Qd2 $2 (33. c5 $1 $16 {[%cal Rc5c6]}) 33... Kg7 (33... Rxc4 $11 {remains equal.} 34. Rb2 Qa4) 34. Rc3 (34. c5 {feels hotter.} Qa4 35. c6 Qxe4+ 36. f3 Qa4 37. Rb2) 34... Qb4 35. Qd3 Qc5 36. Rc2 Rb8 37. Qc3 Ra8 38. Rb2 Ra3 39. Qb4 Qxb4 40. Rxb4 $14 {KR-KR} Rc3 41. Rb7 Kf7 42. Rc7 Ke8 43. Rc8+ Kf7 44. Kf1 Rc2 45. Ke1 Kg7 46. Rc7 Kf8 47. Rc6 Kf7 48. Kf1 Ke8 49. c5 Rxc5 {[%mdl 8192] [#] This costs Black the game.} (49... Kd7 $11) 50. Rxc5 {White mates.} dxc5 $11 {KP-KP} 51. Ke2 e6 52. dxe6 Ke7 53. Kd3 Kxe6 54. Kc4 Kd6 55. Kb5 c4 56. Kxc4 Kc6 57. f3 {Weighted Error Value: White=0.10/Black=0.27} 1-0

[Event "Galicia-ch 2021"]
[Site "Padron"]
[Date "2021.04.04"]
[Round "7.3"]
[White "Villar Perez, Samuel"]
[Black "Medarde Santiago, Luis Marcos"]
[Result "0-1"]
[WhiteElo "2183"]
[BlackElo "2325"]
[Annotator "TA"]
[PlyCount "120"]
[EventDate "2021.04.02"]
[EventType "swiss"]
[EventCountry "ESP"]
[SourceTitle "playchess.com"]
[Source "ChessBase"]
[SourceQuality "1"]

{[%evp 11,120,32,27,29,39,41,29,8,4,-33,-31,-58,-57,-62,-61,-65,-52,-50,-60,-81,-67,-93,-100,-102,-103,-120,-122,-131,-139,-140,-89,-116,-101,-108,-97,-124,-122,-114,-115,-143,-143,-304,-295,-297,-287,-420,-406,-461,-475,-484,-362,-359,-348,-316,-219,-219,-214,-213,-187,-296,-185,-185,-174,-169,-167,-220,-208,-279,-271,-264,-131,-148,-118,-118,-52,-94,-80,-195,-204,-379,-133,-133,-92,-418,-366,-595,-248,-523,-545,-810,-803,-1300,-718,-29979,-29980,-29987,-29986,-29990,-29990,-29990,-29991,-29995,-29989,-29990,0,-29995,-29996,-29996,-29997,-29997,-29998]} 1. d4 Nf6 2. Bg5 c5 3. Bxf6 gxf6 4. d5 Qb6 5. Qc1 Bh6 6. e3 f5 $1 {6...f5 scores better than 6...d6.} 7. c4 {A45: Trompowsky Attack.} f4 8. exf4 Bxf4 9. Qc2 {White has an edge.} (9. Qxf4 Qxb2 10. Bd3 Qxa1 $17) (9. Qc3 {seems wilder.} Qb4 10. a3 Qxc3+ 11. Nxc3 d6 12. Bd3) 9... Qg6 {[#]} 10. Qxg6 $146 (10. Qc3 {is more complex.} O-O 11. Nf3 d6 12. Bd3 Qh5 13. Nbd2) ({Predecessor:} 10. Qe2 d6 11. Nc3 Bg4 12. f3 Bf5 13. g3 Be5 14. f4 Bf6 15. Nf3 h5 16. Nb5 {0-1 (70) Vasilev,M (2468)-Simeonov,S (2373) Albena 2010}) 10... hxg6 11. Ne2 Be5 ({Not} 11... Rxh2 12. Rxh2 Bxh2 13. g3 $16) 12. Nbc3 d6 13. Kd2 Nd7 14. f4 Bg7 15. Re1 Nf6 16. Nc1 Nh5 17. N1e2 Bd7 18. g3 a6 19. Bg2 b5 20. b3 Nf6 (20... Rb8 $142 21. Ke3 Kd8) 21. Nc1 Rb8 22. Nd3 b4 23. Ne4 Nxe4+ 24. Rxe4 a5 {[%cal Ba6a5,Ba5a4][%mdl 32]} 25. h3 a4 26. g4 $2 (26. Re2 $17 {was called for.}) 26... f5 $19 27. Re3 Ra8 ({Weaker is} 27... fxg4 28. hxg4 Rxh1 29. Bxh1 $17) 28. bxa4 (28. Nc1 $142) 28... Bc3+ (28... Rxa4 29. Nc1 $19) 29. Kc1 Rxa4 30. Kb1 fxg4 31. hxg4 Rxh1+ ({Less strong is} 31... Bxg4 32. Rxh8+ Bxh8 33. Be4 $19) 32. Bxh1 Bxg4 33. Be4 Kf7 34. Nf2 Bh5 35. Bc2 (35. Nh3 $142) 35... Ra8 {[#] ...Bd4 is the strong threat.} 36. Ne4 Bd4 37. Ng5+ Ke8 38. Re6 (38. Rg3 $142) 38... Kd7 39. Bxg6 Bg4 40. Re4 Bf6 (40... Rh8 $19 {White must now prevent ...Rh1+.} 41. Nh7 Rg8) 41. Re3 $17 Rg8 42. Rg3 {[#] Threatens to win with Bh7.} Be2 (42... Rxg6 $17 43. Rxg4 Rh6) 43. Bf5+ Ke8 44. Be6 (44. Bd3 $17 Bxd3+ 45. Rxd3) 44... Rh8 $19 45. Nh7 $2 (45. Nf7 {keeps fighting.} Rf8 46. Ng5) 45... Bxc4 $2 (45... Bd4 $19 {has better winning chances.} 46. a3 Bxc4 47. axb4 cxb4) 46. Nxf6+ $17 exf6 $19 {[%mdl 4096] Endgame KRB-KRB} 47. a4 $2 {[%mdl 8192]} (47. a3 $17 {was the crucial defense.}) 47... Kd8 48. Rg7 $2 (48. a5 Kc7 49. Rg7+ Kb8 50. Kc1) 48... Rh7 49. Rg8+ $2 (49. Rxh7 Bd3+ {[%mdl 64] Double Attack} 50. Kc1 Bxh7 51. f5) 49... Kc7 50. a5 Bd3+ 51. Kb2 Kb7 52. Rd8 c4 53. a6+ Kxa6 54. Rxd6+ Ka5 55. Rd8 Rh2+ 56. Ka1 Rh1+ 57. Ka2 Rh2+ 58. Ka1 b3 {[%csl Gb3][%cal Rh2a2] Black mates.} 59. Ra8+ Kb4 60. Rb8+ Kc3 {[%cal Rh2h1] Weighted Error Value: White=0.65/Black=0.40} 0-1

[Event "Galicia-ch 2021"]
[Site "Padron"]
[Date "2021.04.04"]
[Round "7.4"]
[White "Gomez Dieguez, David"]
[Black "Pena Varela, Martin"]
[Result "1-0"]
[WhiteElo "2298"]
[BlackElo "1970"]
[Annotator "TA"]
[PlyCount "113"]
[EventDate "2021.04.02"]
[EventType "swiss"]
[EventCountry "ESP"]
[SourceTitle "playchess.com"]
[Source "ChessBase"]
[SourceQuality "1"]

{[%evp 9,113,29,32,0,0,0,0,0,1,-52,-40,-39,-14,-22,-25,-30,-15,-53,0,-45,-41,-49,-35,-41,-35,-32,8,3,12,-10,49,-44,-15,-39,186,187,238,239,201,152,138,145,158,112,117,77,85,76,114,78,122,59,60,60,62,56,64,52,41,34,224,203,191,33,29,0,0,-49,-54,-65,0,0,77,17,85,93,102,36,82,15,164,139,333,330,534,545,525,321,300,307,238,238,278,221,1091,270,381,381,366,356,1990,2190,1479,1727,29987,29988]} 1. e4 Nc6 2. Nc3 Nf6 3. d4 e6 4. Be3 Bb4 5. Bd3 {[#]} d6 $146 ({Predecessor:} 5... O-O 6. Nf3 Ng4 7. Bd2 e5 8. d5 Nb8 9. O-O d6 10. a3 Bxc3 11. Bxc3 f5 12. exf5 {0-1 (38) Ciemniak,K (1993)-Kwiatkowski,J (1890) Poland 2014}) 6. f3 {B00: Queen's Fianchetto Defence, Nimzowitsch Defence.} e5 7. d5 Ne7 8. Nge2 {The position is equal.} c6 9. Bc4 (9. dxc6 $11 bxc6 10. O-O) 9... cxd5 10. exd5 Nf5 11. Bf2 e4 12. a3 {[#]} (12. fxe4 Nxe4 13. O-O Nxf2 $17) 12... e3 $1 13. Bg3 (13. Bg1 Bc5) 13... Bc5 (13... Bxc3+ $15 14. Nxc3 Bd7) 14. Qd3 a6 15. Bb3 O-O 16. O-O-O b5 17. Be1 a5 18. Nxb5 a4 $1 {[%cal Ra4b3]} 19. Bc4 Qb6 (19... Ne7 $1 $11) 20. g4 (20. Bc3 $14) 20... Ne7 $15 21. Bc3 {Hoping for Bxf6.} Nfxd5 22. Bxd5 $18 Nxd5 (22... Rb8 $142) 23. Qxd5 Bb7 24. Qd3 (24. Qg5 f6 $11) 24... Ba6 25. Ned4 Rab8 {[%cal Ra6b5]} 26. Qxe3 Bxb5 27. Qg5 $40 {[%mdl 128] Nf5 is the strong threat. White attacks with force.} h6 28. Qd5 Rfe8 29. Rhe1 Bd7 30. g5 ({Better is} 30. Nf5 $16) 30... hxg5 $14 31. Rxe8+ Rxe8 32. Qxg5 Re5 33. Qg3 {Strongly threatening f4.} f6 34. h4 Be8 $2 (34... Qb7 $14) 35. f4 $18 Rd5 {[%cal Rd5d4] [#]} 36. Qd3 (36. Re1 $1 $18 Bxd4 37. Rxe8+ Kf7 38. Re7+ $3 {[%mdl 576] Deflection, Decoy} Kxe7 39. Qxg7+ Ke8 40. Qg8+ {[%mdl 64] Double Attack} Ke7 41. Qxd5 Bxc3 42. bxc3) 36... Bf7 $14 37. Kb1 Bxa3 38. Qg3 Bc5 {[%cal Rc5d4]} 39. Qd3 a3 (39... Qa7 $15) 40. b3 $11 Bb4 (40... Qb7 $11) 41. Ka2 ({White should try} 41. Bxb4 $16 Qxb4 42. Ka2) 41... Bxc3 (41... Qc7 $1 $11 {keeps the balance.} 42. Ba1 (42. Bxb4 Rxd4 {[%mdl 64] Remove Defender} 43. Qxd4 Qxc2+ {[%mdl 64] Double Attack} 44. Ka1 Bxb3 $11) 42... Rh5) 42. Qxc3 $16 Rc5 43. Qf3 (43. Qd2 $16) 43... Qb4 44. Rd3 ({White should play} 44. Qd3 $16) 44... Bg6 (44... Qe1 $1 $11 45. Rd1 Qb4) 45. f5 Bxf5 $2 {[#]} (45... Bf7 $16) 46. c3 $1 $18 {[%cal Rc3b4]} (46. Nxf5 $2 Rxc2+ 47. Kb1 a2+ 48. Kxc2 (48. Ka1 $2 Rc1+ 49. Kxa2 Qa5+ 50. Kb2 Qa1#) 48... a1=Q $19) 46... Qa5 (46... Rxc3 47. Qd5+ (47. Rxc3 Qxd4 48. h5 d5 $14) 47... Kh8 48. Qxf5 Rxd3 49. Qxd3 d5) 47. b4 Qa4 48. bxc5 ({And not} 48. Nxf5 Qc2+ 49. Kxa3 Qc1+ 50. Kb3 Qb1+ 51. Ka3 Qc1+ 52. Ka2 Qc2+ 53. Ka3 Qc1+ $11) 48... Qc4+ 49. Kxa3 Bxd3 50. cxd6 Qa6+ ({Don't blunder} 50... Qxc3+ $2 51. Nb3 $18) 51. Kb2 Bc4 (51... Qb6+ 52. Kc1 Qb1+ 53. Kd2 Be4) 52. Qc6 $2 (52. d7 Qa2+ 53. Kc1 Qa3+ 54. Kd2 Qb2+ 55. Nc2) 52... Qa2+ (52... Qxc6 $142 53. Nxc6 Be6) 53. Kc1 Qa1+ 54. Kd2 Qf1 (54... Qb2+ 55. Nc2 Bb3) 55. Qe8+ Kh7 56. Qe4+ Kg8 57. d7 {Weighted Error Value: White=0.40/Black=0.52} 1-0

[Event "Galicia-ch 2021"]
[Site "Padron"]
[Date "2021.04.04"]
[Round "7.5"]
[White "Lopez Gonzalez, Alfonso"]
[Black "Fernandez Lopez, Pablo"]
[Result "1/2-1/2"]
[WhiteElo "2254"]
[BlackElo "2043"]
[Annotator "TA"]
[PlyCount "119"]
[EventDate "2021.04.02"]
[EventType "swiss"]
[EventCountry "ESP"]
[SourceTitle "playchess.com"]
[Source "ChessBase"]
[SourceQuality "1"]

{[%evp 24,119,136,100,113,97,115,86,103,97,111,92,118,90,95,89,95,91,115,109,121,115,107,111,110,85,103,43,88,-46,-37,-91,-85,-113,0,-10,-12,-33,-17,-60,-62,-56,-35,-37,-4,-4,0,-12,0,-12,0,-8,0,-55,-48,-56,-54,-74,-74,-74,-55,-66,-73,-74,-56,-88,-43,-43,-43,-43,-43,-43,-43,-43,-43,-43,-43,-43,-8,-55,0,0,0,0,0,0,0,0,0,0,8,0,0,0,0,0,8,8]} 1. d4 Nf6 2. c4 e6 3. Nc3 d5 4. cxd5 exd5 5. Bg5 Be7 6. e3 O-O 7. Bd3 c6 8. Qc2 Nbd7 9. Nf3 Re8 10. O-O Ne4 11. Bxe4 Bxg5 12. Bxh7+ Kh8 13. Bf5 Bf6 {D36: Queen's Gambit Declined: Exchange Variation: Main line (5 Bg5 c6 6 Qc2).} 14. b4 Nb6 15. Nd2 {[#]} Qe7 $146 {White is better.} ({Predecessor:} 15... Bxf5 16. Qxf5 g6 17. Qd3 Kg7 18. b5 Rh8 19. bxc6 bxc6 20. Rfc1 Qd6 21. h3 Rh5 {1-0 (35) Zhu,C (2492)-Mai,T (2145) Singapore 1995}) 16. Rab1 a6 17. a4 g6 18. Bxc8 (18. Bd3 {feels hotter.} Bg4 19. h3 Bd7 20. Rfe1 Nc8 21. Nb3) 18... Raxc8 19. Qd3 Kg7 20. Nb3 Red8 21. Nc5 Rc7 22. b5 axb5 23. axb5 Nc4 24. bxc6 bxc6 25. Rb4 (25. N3a4 $16) 25... Ra7 26. e4 (26. N3a4 $16) 26... dxe4 $1 $15 27. N3xe4 ({But not} 27. Qxc4 $2 Rxd4 28. N3xe4 Rxc4 $19) (27. Qe2 $15 Na3 28. Qxe4 (28. N3xe4 $2 Bxd4 29. Rc1 Nb5 $19)) 27... Rxd4 $17 28. Qc2 {[#]} Nd6 (28... Rxe4 $1 $17 {[%mdl 512]} 29. Qxe4 Nd2 {[%mdl 64] Double Attack} 30. Qxe7 Bxe7) 29. Rxd4 Bxd4 30. Qd3 Qe5 (30... Nb5 {looks sharper.} 31. Nb3 Ra3 32. Ned2 Bc3 33. Rb1 Bf6) 31. Nxd6 Qxc5 32. Ne4 Qe5 33. Nd2 {[#] Threatens to win with Nf3.} c5 34. Nf3 Qd5 {Hoping for ...Bxf2+!} 35. Rd1 Ra1 {White must now prevent ...Rxd1+.} 36. Kf1 {Strongly threatening Rxa1.} Rxd1+ 37. Qxd1 Qe4 38. Qb3 ({White should play} 38. Nxd4 $11 cxd4 39. f3) 38... Bf6 $15 39. Ne1 c4 40. Qc2 Qd4 41. h3 Qc5 42. Ke2 Bd4 43. Kf1 Qb4 44. g3 Qb3 45. Qe2 Bc3 46. Nc2 Bf6 47. h4 c3 48. Qe4 Qb1+ 49. Kg2 Qd1 50. Ne3 Qd4 51. Qc2 Be5 (51... Qd6 $15) 52. h5 $11 {The position is equal.} Bf6 53. hxg6 fxg6 54. Qe2 Qe4+ (54... Bg5 {is more complex.} 55. Nc2 Qc5 56. Qd3 Be7 57. f3 Bf6) 55. Qf3 Qxf3+ (55... Qe7 {keeps more tension.} 56. Qc6 Bd4 57. Kf1 Qa7 58. Ng4 Kh7) 56. Kxf3 Bd4 57. Nc2 Bc5 58. Ke2 Kf6 59. f4 g5 60. fxg5+ {Weighted Error Value: White=0.19/Black=0.12} 1/2-1/2

[Event "Galicia-ch 2021"]
[Site "Padron"]
[Date "2021.04.04"]
[Round "7.6"]
[White "Alvarez Dominguez, Breixo"]
[Black "Gonzalez Perez, Arian"]
[Result "1/2-1/2"]
[WhiteElo "2025"]
[BlackElo "2481"]
[Annotator "TA"]
[PlyCount "103"]
[EventDate "2021.04.02"]
[EventType "swiss"]
[EventCountry "ESP"]
[SourceTitle "playchess.com"]
[Source "ChessBase"]
[SourceQuality "1"]

{[%evp 19,103,-3,0,-10,0,-10,0,0,0,0,0,0,0,-6,-6,-18,-33,-55,-60,-54,-52,-69,-62,-74,-12,-17,39,58,72,29,8,-6,-6,-14,-14,-22,-22,-22,-26,-35,-32,-32,0,-10,0,0,0,0,0,0,0,0,40,-4,0,0,37,0,8,0,0,0,0,0,0,0,0,0,0,0,0,0,0,0,0,0,0,0,0,0,0,0,0,0,0,0]} 1. e4 c5 2. c3 e6 3. d4 d5 4. e5 Nc6 5. Nf3 Qb6 6. a3 c4 7. Be2 Bd7 8. Nbd2 Na5 9. Rb1 Qc7 10. O-O Ne7 11. Qe1 {C02: French: Advance Variation.} Ba4 12. Bd1 Bxd1 13. Qxd1 Nc8 {[#]} 14. Ne1 $146 ({Predecessor:} 14. Qa4+ Nc6 15. b4 cxb3 16. Qxb3 Nb6 17. a4 Be7 18. Qb5 Rb8 19. a5 Nd7 20. c4 {0-1 (52) De los Reyes,M (1867)-Viera,E (2162) Punta del Este 2019}) 14... Nb6 15. f4 Qd7 16. Nc2 O-O-O 17. Ne3 f5 18. b3 cxb3 19. Nxb3 Nxb3 20. Qxb3 Qa4 21. Bd2 {[#]} Qxb3 ({Black should try} 21... Kb8 $1 $17) 22. Rxb3 $11 h6 ({Black should play} 22... Kb8 $11) 23. a4 $14 g6 24. Rc1 Rh7 25. c4 Nxc4 26. Nxc4 dxc4 27. Rxc4+ Rc7 28. Rxc7+ Kxc7 29. Bb4 Bxb4 30. Rxb4 $15 {[%mdl 4096] Endgame KR-KR} g5 31. Kf2 gxf4 32. Rc4+ Kb6 33. Kf3 a6 34. Rb4+ Kc7 35. Rc4+ Kd7 36. Rb4 b5 37. axb5 Rb8 38. Kxf4 axb5 {The position is equal.} 39. d5 Rb7 40. g3 Rb8 41. h4 Rb7 42. h5 Rb8 43. dxe6+ Kxe6 44. Rd4 Rb6 45. Rb4 Rb8 46. Rd4 Rb6 {[#] Strongly threatening ...b4.} 47. Rb4 Rb7 48. Rd4 {aiming for Rd6+.} Rd7 49. Rxd7 Kxd7 50. Kxf5 {Threatens to win with g4.} b4 {And now ...b3 would win.} 51. Ke4 $1 {g4 is the strong threat.} Ke6 (51... b3 $5 52. Kd3 $8 Ke6 $11) 52. Kd4 {Weighted Error Value: White=0.07/Black=0.09} 1/2-1/2

[Event "Galicia-ch 2021"]
[Site "Padron"]
[Date "2021.04.04"]
[Round "8.2"]
[White "Gomez Dieguez, David"]
[Black "Medarde Santiago, Luis Marcos"]
[Result "1/2-1/2"]
[WhiteElo "2298"]
[BlackElo "2325"]
[Annotator "TA"]
[PlyCount "125"]
[EventDate "2021.04.02"]
[EventType "swiss"]
[EventCountry "ESP"]
[SourceTitle "playchess.com"]
[Source "ChessBase"]
[SourceQuality "1"]

{[%evp 12,125,22,22,20,-15,0,-20,-15,-3,-18,-40,-33,-33,-36,-33,-37,-29,10,3,8,6,5,7,2,0,0,0,0,-13,-14,-31,-31,-34,-28,-40,-31,-39,-31,-32,-32,-33,-37,-100,-19,-12,-14,-17,-21,-14,-2,-3,-3,-67,0,0,0,0,0,0,0,0,0,0,0,0,0,0,0,0,0,0,0,0,0,0,0,0,0,0,0,0,0,0,0,0,0,0,0,0,0,0,0,0,0,0,0,0,0,0,0,0,0,0,0,0,0,0,0,0,0,0,0,0,0,0]} 1. e4 c5 2. Nc3 e6 3. Nf3 Nc6 4. d4 cxd4 5. Nxd4 Nf6 6. g3 Qb6 7. Nb3 Bb4 {B45: Sicilian Four Knights.} 8. Be3 (8. Bg2 {is interesting.} d5 9. O-O Bxc3 10. exd5 exd5 11. bxc3 O-O 12. Bg5) 8... Qc7 {Threatening ...Nxe4.} 9. Bg2 d5 10. Bd2 {[%cal Re4d5]} dxe4 11. O-O Bxc3 12. Bxc3 e5 {[#]} 13. Nc5 $146 ({Predecessor:} 13. Nd2 Bf5 14. Qe2 O-O 15. Nxe4 Nd5 16. Qc4 Rfd8 17. Rad1 Nxc3 18. Qxc3 Qb6 19. Qa3 {0-1 (50) Everett,E (2114)-Pap,M (2510) Hofheim 2017}) 13... Bg4 14. Qe1 Bf3 15. Nxe4 Bxe4 16. Bxe4 Nxe4 17. Qxe4 O-O 18. Rfe1 {[%cal Rc3e5]} f6 19. Rad1 Qf7 (19... Rfd8 {looks sharper.} 20. b3 Rac8 21. Bb2 Rd7 22. Rxd7 Qxd7 23. Re3 Qd1+) 20. Qd5 Rfd8 21. Qxf7+ Kxf7 22. Kf1 Ke6 23. Ke2 h5 24. h4 Kf5 25. a4 Rac8 26. Rxd8 Rxd8 $15 {[%mdl 4096] Endgame KRB-KRN} 27. b4 ({White should try} 27. f3 $15) 27... g5 (27... Nd4+ $17 28. Bxd4 Rxd4) 28. hxg5 $11 fxg5 29. Rh1 Rh8 30. b5 Nd4+ 31. Bxd4 exd4 {KR-KR} 32. Kd3 (32. f3 $11) 32... h4 (32... Kg4 $1 $15 33. Kxd4 b6) 33. gxh4 {The position is equal.} gxh4 34. Kxd4 Kg4 35. c4 Rd8+ 36. Kc5 Rc8+ 37. Kd5 {[#] Hoping for c5.} b6 38. a5 Rc5+ 39. Kd4 {Strongly threatening Rg1+.} h3 40. axb6 axb6 41. Rh2 Kh4 (41... Rh5 {is interesting.} 42. Ke4 Rc5 43. Kd4) 42. Rh1 Kg4 43. Rh2 Kh4 (43... Rc8 {is more complex.} 44. Rh1 Rd8+ 45. Ke4 Rh8 46. Rg1+ Kh4) 44. Rh1 Rg5 45. Ke4 Rg2 46. c5 {Black must now prevent c6.} Rg5 47. cxb6 Rxb5 48. f4 Rb4+ 49. Ke5 Rb5+ 50. Ke4 Rb4+ 51. Ke5 Kg4 52. Rg1+ Kf3 53. f5 Rb5+ 54. Kd6 {[#] And now Kc6 would win.} Rxb6+ 55. Ke7 h2 56. Rh1 Kg2 (56... Rb7+ {with more complications.} 57. Ke6 Kg3 58. Rd1 Rb6+ 59. Ke5 Rh6) 57. Rxh2+ Kxh2 {KR-KP} 58. f6 Kg3 59. f7 Rb7+ 60. Ke6 Rb8 61. Ke7 Kg4 62. f8=Q Rxf8 63. Kxf8 {Weighted Error Value: White=0.06/Black=0.07} 1/2-1/2